Sporcle Driving School Quiz Stats

Quiz Updated Nov 15, 2014

Also try: Top Gear Stars
Challenge
Share
Tweet
Score 0/5 Timer 00:30
0 Plays Today
% Correct
Park
97.7%
Reverse
96.6%
Drive
95.2%
Neutral
93.9%
Low
65.6%

You're not logged in!

Compare scores with friends on all Sporcle quizzes.
Join for Free
OR
Log In

You Might Also Like...

Show Comments

Extras

Top Quizzes Today


Score Distribution

Your Account Isn't Verified!

In order to create a playlist on Sporcle, you need to verify the email address you used during registration. Go to your Sporcle Settings to finish the process.

Report this User

Report this user for behavior that violates our Community Guidelines.

Details: